000 00345pam a2200157a 44500
008 230515b2007 xxu||||| |||| 00| 0 eng d
020 _aNULL
041 _aENGLISH
082 _aNULL
100 _aBONO E.DE
245 _aSIX THINKING HATS
250 _a1999
260 _aNEW DELHI
_bPENGUIN BOOKS
_c2007
300 _a177
650 _aNULL
999 _c477421
_d477421